[Event "Baeta Neves op"]
[Site "Baeta Neves"]
[Date "2015.05.23"]
[Round "5"]
[White "Jose, Anderson Willians"]
[Black "Pinto, Rendrex Lopes"]
[Result "0-1"]
[WhiteElo "1618"]
[BlackElo "2072"]
[PlyCount "70"]
[EventDate "2015.05.22"]
[EventType "swiss"]
[EventRounds "6"]
[EventCountry "BRA"]
[SourceTitle "CBM 166 Extra"]
[Source "ChessBase"]
[SourceDate "2015.06.18"]
[SourceVersion "1"]
[SourceVersionDate "2015.06.18"]
[SourceQuality "1"]

1. e4 d6 2. d4 Nf6 3. Bd3 g6 4. h3 Bg7 5. Be3 e5 6. d5 Nbd7 7. c4 Nc5 8. Nc3 0-0 9. Bc2 Nh5 10. Qd2 Nf4 11. Bxf4 exf4 12. Qxf4 f5 13. Qe3 fxe4 14. Nge2 Qh4 15. 0-0 Bf5 16. Rad1 Rae8 17. Nd4 Be5 18. Nce2 Bg4 19. Rd2 Rf3 20. Nxf3 exf3 21. Ng3 fxg2 22. Re1 Qxh3 23. f4 Bd4 24. Rxd4 Rxe3 25. Rxe3 a5 26. Bd1 Bxd1 27. Rxd1 h5 28. Rde1 h4 29. Re8+ Kg7 30. R1e7+ Kf6 31. Rh7 g5 32. fxg5+ Kg6 33. Ree7 Qxg3 34. Reg7+ Kf5 35. Rf7+ Ke5 0-1

[Event "Sao Paulo Livraria 3rd"]
[Site "Sao Paulo"]
[Date "2015.05.10"]
[Round "7"]
[White "Pinto, Rendrex Lopes"]
[Black "Cristobal, Manuel"]
[Result "1/2-1/2"]
[WhiteElo "2072"]
[BlackElo "2255"]
[PlyCount "130"]
[EventDate "2015.05.05"]
[EventType "tourn"]
[EventRounds "9"]
[EventCountry "BRA"]
[SourceTitle "EXT 2016"]
[Source "ChessBase"]
[SourceDate "2015.10.08"]
[SourceVersion "1"]
[SourceVersionDate "2015.10.08"]
[SourceQuality "1"]

1. d4 d6 2. Nf3 Bg4 3. b3 Bxf3 4. exf3 g6 5. Bb2 Bg7 6. Nd2 c5 7. Nc4 cxd4 8. Bxd4 Nf6 9. Be2 Nc6 10. Bb2 d5 11. Nd2 e5 12. 0-0 0-0 13. Bb5 d4 14. Re1 Nd5 15. g3 Nc3 16. Bxc3 dxc3 17. Ne4 Nd4 18. Bf1 Qa5 19. a3 Rfd8 20. b4 Qc7 21. Re3 Nb3 22. Qe1 Nxa1 23. Qxa1 f5 24. Qa2+ Kh8 25. Rxc3 Qe7 26. Nc5 e4 27. Rb3 Rd1 28. Rb1 Rxb1 29. Qxb1 b6 30. Nb3 exf3 31. Qd1 Qe4 32. Bd3 Rd8 33. Nd2 Qd4 34. Qxf3 Qa1+ 35. Kg2 Qxa3 36. Qb7 Qxb4 37. Nf3 Qd6 38. Qxa7 Qc6 39. h4 Rf8 40. Qe7 h6 41. Qe3 Re8 42. Qf4 Re1 43. h5 Re4 44. Bxe4 fxe4 45. Qb8+ Kh7 46. hxg6+ Kxg6 47. Ne5+ Bxe5 48. Qxe5 e3+ 49. Kf1 exf2 50. g4 Qc4+ 51. Kxf2 Qxc2+ 52. Kg3 Qb3+ 53. Kg2 Qc2+ 54. Kg3 Qb3+ 55. Kg2 Qa2+ 56. Kg3 Qa3+ 57. Kh4 Qf8 58. Qe4+ Kf7 59. Kh5 Qg7 60. Qd5+ Kf8 61. Qd8+ Kf7 62. Qd5+ Kf8 63. Qd8+ Kf7 64. Qd5+ Kf8 65. Qd8+ Kf7 1/2-1/2

[Event "Sao Paulo Livraria 3rd"]
[Site "Sao Paulo"]
[Date "2015.05.09"]
[Round "4"]
[White "Rodrigues, Tiago Pereira"]
[Black "Pinto, Rendrex Lopes"]
[Result "1/2-1/2"]
[WhiteElo "2169"]
[BlackElo "2072"]
[PlyCount "131"]
[EventDate "2015.05.05"]
[EventType "tourn"]
[EventRounds "9"]
[EventCountry "BRA"]
[SourceTitle "EXT 2016"]
[Source "ChessBase"]
[SourceDate "2015.10.08"]
[SourceVersion "1"]
[SourceVersionDate "2015.10.08"]
[SourceQuality "1"]

1. e4 e6 2. d4 d5 3. Nd2 dxe4 4. Nxe4 Bd7 5. Nf3 Bc6 6. Bd3 Nd7 7. Qe2 Ngf6 8. Ng3 Be7 9. 0-0 0-0 10. c4 Bxf3 11. Qxf3 c6 12. Qe2 Re8 13. f4 c5 14. dxc5 e5 15. Kh1 Bxc5 16. Qf3 Qb6 17. Bd2 exf4 18. Bxf4 Ne5 19. Bxe5 Rxe5 20. Ne4 Be7 21. b3 Re8 22. Rad1 Qc6 23. Nxf6+ Bxf6 24. Qxc6 bxc6 25. g3 c5 26. Rf3 Re1+ 27. Rf1 R1e3 28. Kg2 Bd4 29. Rf3 g6 30. Rxe3 Rxe3 31. Rd2 Re1 32. g4 Kg7 33. Re2 Rd1 34. Be4 Rg1+ 35. Kf3 h5 36. h3 h4 37. Rg2 Rh1 38. Bc2 Rxh3+ 39. Ke4 Rg3 40. Rxg3 hxg3 41. Kf3 Be5 42. Bd3 Kf6 43. Be4 Kg5 44. Bd5 Kh4 45. Kg2 f6 46. Bf7 Kxg4 47. Bxg6 Kf4 48. Be8 Ke3 49. Bd7 Kd2 50. Kf3 Kc3 51. Kg2 Kb2 52. Ba4 Kxa2 53. Kf3 Kb2 54. Kg2 Kc3 55. Kf3 f5 56. Kg2 a5 57. Kf3 f4 58. Kg2 Kd3 59. Kf3 Kd2 60. Bd7 Ke1 61. Bh3 Bc7 62. Kg2 Ke2 63. Bg4+ Ke3 64. Bf3 a4 65. bxa4 Kd3 66. Bd5 1/2-1/2